Od Wilna po Dynaburg (wspomnienia z walk 5 p. p. legjonów) (Record no. 16863)
[ view plain ]
| 000 -LEADER | |
|---|---|
| fixed length control field | 00666cam a22002171 4500 |
| 001 - CONTROL NUMBER | |
| control field | ca 31000845 |
| 003 - CONTROL NUMBER IDENTIFIER | |
| control field | DLC |
| 005 - DATE AND TIME OF LATEST TRANSACTION | |
| control field | 20260227111126.0 |
| 008 - FIXED-LENGTH DATA ELEMENTS--GENERAL INFORMATION | |
| fixed length control field | 930503s1930 pl a 000 0 pol |
| 010 ## - LIBRARY OF CONGRESS CONTROL NUMBER | |
| LC control number | ca 31000845 |
| 035 ## - SYSTEM CONTROL NUMBER | |
| System control number | (OCoLC)28035661 |
| 040 ## - CATALOGING SOURCE | |
| Original cataloging agency | DLC |
| Transcribing agency | CU |
| Modifying agency | CU |
| -- | DLC |
| 043 ## - GEOGRAPHIC AREA CODE | |
| Geographic area code | e-pl--- |
| 050 00 - LIBRARY OF CONGRESS CALL NUMBER | |
| Classification number | D551 |
| Item number | .L53 1930 |
| 100 1# - MAIN ENTRY--PERSONAL NAME | |
| Personal name | Lipiński, Wacław, |
| Dates associated with a name | 1896-1949. |
| 245 10 - TITLE STATEMENT | |
| Title | Od Wilna po Dynaburg (wspomnienia z walk 5 p. p. legjonów) |
| 250 ## - EDITION STATEMENT | |
| Edition statement | Wydanie 2., siódmy-dziesiąty tysiąc. |
| 260 ## - PUBLICATION, DISTRIBUTION, ETC. | |
| Place of publication, distribution, etc. | Warszawa, |
| Name of publisher, distributor, etc. | Wojskowy instytut naukowo-wydawniczy, |
| Date of publication, distribution, etc. | 1930. |
| 300 ## - PHYSICAL DESCRIPTION | |
| Extent | x, 176 p. |
| Other physical details | illus. |
| Dimensions | 21 cm. |
| 651 #0 - SUBJECT ADDED ENTRY--GEOGRAPHIC NAME | |
| Geographic name | Poland |
| General subdivision | History |
| Chronological subdivision | 1918-1945. |
No items available.